[Event "Catalunya-chT GpB final"]
[Site "Barcelona"]
[Date "2017.03.18"]
[Round "2.4"]
[White "Fernandez Cazorla, Antonio"]
[Black "Duran Albareda, Xavier"]
[Result "1-0"]
[WhiteElo "2227"]
[BlackElo "2288"]
[PlyCount "79"]
[EventDate "2017.03.11"]
[EventType "team-tourn"]
[EventRounds "11"]
[EventCountry "ESP"]
[SourceTitle "CBM 177 Extra"]
[Source "ChessBase"]
[SourceDate "2017.04.27"]
[SourceVersion "1"]
[SourceVersionDate "2017.04.27"]
[SourceQuality "1"]
[WhiteTeam "Montcada"]
[BlackTeam "Terrassa"]
[WhiteTeamCountry "ESP"]
[BlackTeamCountry "ESP"]

1. Nf3 Nf6 2. c4 e6 3. g3 a6 4. Nc3 d5 5. d4 dxc4 6. a4 c5 7. dxc5 Qxd1+ 8. Nxd1 Nc6 9. Be3 Nd5 10. Bd2 Bxc5 11. Rc1 b5 12. Bg2 Rb8 13. 0-0 Nd4 14. Nxd4 Bxd4 15. e3 Bf6 16. e4 Nb6 17. axb5 axb5 18. Bf4 e5 19. Be3 Na4 20. Nc3 Nxc3 21. bxc3 Be7 22. Rfd1 Be6 23. f4 f6 24. f5 Bf7 25. Ra1 0-0 26. Rd7 Bd8 27. Raa7 b4 28. cxb4 c3 29. Ra3 c2 30. Rc3 Bb3 31. Bf1 Rxb4 32. Bd3 Ba4 33. Rd6 Ba5 34. Bxc2 Rxe4 35. Bxe4 Bxc3 36. Rd3 Rc8 37. Bd5+ Kf8 38. Be6 Bb5 39. Rd5 Bc4 40. Rxe5 1-0

[Event "Catalunya-chT Gp1"]
[Site "Barcelona"]
[Date "2017.03.04"]
[Round "7.4"]
[White "Fernandez Cazorla, Antonio"]
[Black "Martinez Romero, Martin"]
[Result "0-1"]
[WhiteElo "2227"]
[BlackElo "2415"]
[PlyCount "56"]
[EventDate "2017.01.21"]
[EventType "team-tourn"]
[EventRounds "7"]
[EventCountry "ESP"]
[SourceTitle "EXT 2018"]
[Source "ChessBase"]
[SourceDate "2017.10.13"]
[SourceVersion "1"]
[SourceVersionDate "2017.10.13"]
[SourceQuality "1"]
[WhiteTeam "Montcada"]
[BlackTeam "Mollet"]
[WhiteTeamCountry "ESP"]
[BlackTeamCountry "ESP"]

1. Nf3 Nf6 2. c4 g6 3. g3 Bg7 4. Bg2 0-0 5. 0-0 d6 6. d4 Nc6 7. Nc3 a6 8. Bf4 Bg4 9. d5 Na5 10. Nd2 c5 11. h3 Bd7 12. g4 b5 13. e4 Ne8 14. Qe2 Nxc4 15. Nxc4 bxc4 16. e5 Rb8 17. Rab1 Rb6 18. Rfe1 Nc7 19. a4 a5 20. Bg3 f5 21. e6 Be8 22. f4 Rb4 23. Qc2 Na8 24. gxf5 gxf5 25. h4 Nb6 26. Bh3 Nxa4 27. Bxf5 Rxf5 28. Nxa4 Rxd5 0-1

[Event "Catalunya-chT Gp1"]
[Site "Barcelona"]
[Date "2017.02.25"]
[Round "6.4"]
[White "Garcia Ramos, Daniel"]
[Black "Fernandez Cazorla, Antonio"]
[Result "1/2-1/2"]
[WhiteElo "2222"]
[BlackElo "2227"]
[PlyCount "66"]
[EventDate "2017.01.21"]
[EventType "team-tourn"]
[EventRounds "7"]
[EventCountry "ESP"]
[SourceTitle "EXT 2018"]
[Source "ChessBase"]
[SourceDate "2017.10.13"]
[SourceVersion "1"]
[SourceVersionDate "2017.10.13"]
[SourceQuality "1"]
[WhiteTeam "Peona I Peo"]
[BlackTeam "Montcada"]
[WhiteTeamCountry "ESP"]
[BlackTeamCountry "ESP"]

1. e4 c5 2. Nf3 e6 3. d4 cxd4 4. Nxd4 Nc6 5. Nc3 Qc7 6. Be3 a6 7. Be2 Nf6 8. 0-0 Be7 9. Kh1 0-0 10. f4 d6 11. Nb3 b5 12. Bf3 Bb7 13. a3 Rad8 14. Qe1 Rd7 15. g4 b4 16. axb4 Nxb4 17. Qf2 d5 18. Nc5 dxe4 19. Nxd7 Qxd7 20. Bd1 Nfd5 21. Nxd5 Nxd5 22. Be2 Qc8 23. c4 Nxe3 24. Qxe3 Bc5 25. Qg3 Rd8 26. Rfd1 Bf2 27. Qg2 Rxd1+ 28. Rxd1 e3 29. Rd8+ Qxd8 30. Qxb7 h6 31. Qxa6 Qd2 32. Qa8+ Kh7 33. Qf3 Qxb2 1/2-1/2

[Event "Catalunya-chT Gp1"]
[Site "Barcelona"]
[Date "2017.02.18"]
[Round "5.4"]
[White "Fernandez Cazorla, Antonio"]
[Black "Gonzalez Garcia, Marc"]
[Result "0-1"]
[WhiteElo "2227"]
[BlackElo "2227"]
[PlyCount "76"]
[EventDate "2017.01.21"]
[EventType "team-tourn"]
[EventRounds "7"]
[EventCountry "ESP"]
[SourceTitle "EXT 2018"]
[Source "ChessBase"]
[SourceDate "2017.10.13"]
[SourceVersion "1"]
[SourceVersionDate "2017.10.13"]
[SourceQuality "1"]
[WhiteTeam "Montcada"]
[BlackTeam "Tres Peons"]
[WhiteTeamCountry "ESP"]
[BlackTeamCountry "ESP"]

1. Nf3 d5 2. d4 Nf6 3. c4 e6 4. g3 Bb4+ 5. Bd2 Be7 6. Bg2 0-0 7. 0-0 c6 8. Qc2 b6 9. Bf4 Ba6 10. b3 Nbd7 11. Nbd2 Nh5 12. Be3 f5 13. Ne1 g5 14. f4 gxf4 15. Bxf4 Rc8 16. Nd3 Ndf6 17. e3 Bd6 18. a4 Nxf4 19. gxf4 c5 20. dxc5 bxc5 21. Rf3 Ne4 22. Nxe4 fxe4 23. Rg3+ Kh8 24. Qc3+ Qf6 25. Ne5 Rc7 26. Rd1 Bb7 27. Kh1 Rg7 28. Rxg7 Qxg7 29. Rg1 d4 30. exd4 Rxf4 31. Qe3 Bxe5 32. dxe5 Qxe5 33. Rd1 Qg5 34. Qc3+ e5 35. Qa5 Rf2 36. Rd8+ Kg7 37. Qc7+ Rf7 38. Qxc5 Qxd8 0-1

[Event "Catalunya-chT Gp2 final"]
[Site "Barcelona"]
[Date "2016.04.16"]
[Round "4.4"]
[White "Fernandez Cazorla, Antonio"]
[Black "Pena Marti, Jordi"]
[Result "1-0"]
[WhiteElo "2254"]
[BlackElo "2157"]
[PlyCount "83"]
[EventDate "2016.03.12"]
[EventType "team-tourn"]
[EventRounds "4"]
[EventCountry "ESP"]
[SourceTitle "EXT 2017"]
[Source "ChessBase"]
[SourceDate "2016.10.25"]
[SourceVersion "1"]
[SourceVersionDate "2016.10.25"]
[SourceQuality "1"]
[WhiteTeam "Montcada"]
[BlackTeam "Sant Boi"]
[WhiteTeamCountry "ESP"]
[BlackTeamCountry "ESP"]

1. Nf3 b6 2. g3 Bb7 3. Bg2 e5 4. c4 d6 5. 0-0 Nd7 6. Nc3 Ngf6 7. b3 Be7 8. Bb2 0-0 9. d4 c6 10. e3 a6 11. Nh4 Re8 12. Nf5 Qc7 13. g4 exd4 14. exd4 d5 15. g5 Ne4 16. Nxe4 dxe4 17. Qg4 Nf8 18. Bxe4 Ng6 19. f4 Bb4 20. Ng3 Rad8 21. f5 Bc8 22. Qf3 Nh4 23. Qf4 Qxf4 24. Rxf4 Rxe4 25. Nxe4 Nxf5 26. Raf1 Re8 27. a3 Bf8 28. Nd2 Nd6 29. c5 bxc5 30. dxc5 Nb5 31. b4 Be6 32. Nc4 h6 33. gxh6 g5 34. Re4 Bxh6 35. a4 Nc7 36. Nd6 Rb8 37. Be5 Bg7 38. Bg3 Bd5 39. Rg4 Be6 40. Nf5 Rb7 41. Bxc7 Rxc7 42. Rxg5 1-0

[Event "Catalunya-chT Gp1"]
[Site "Barcelona"]
[Date "2016.02.27"]
[Round "6.4"]
[White "Bru Rullo, Llatzer"]
[Black "Fernandez Cazorla, Antonio"]
[Result "1-0"]
[WhiteElo "2199"]
[BlackElo "2254"]
[PlyCount "57"]
[EventDate "2016.01.23"]
[EventType "team-tourn"]
[EventRounds "7"]
[EventCountry "ESP"]
[SourceTitle "EXT 2017"]
[Source "ChessBase"]
[SourceDate "2016.10.25"]
[SourceVersion "1"]
[SourceVersionDate "2016.10.25"]
[SourceQuality "1"]
[WhiteTeam "Cerdanyola Valles"]
[BlackTeam "Montcada"]
[WhiteTeamCountry "ESP"]
[BlackTeamCountry "ESP"]

1. Nf3 Nf6 2. g3 d5 3. Bg2 g6 4. 0-0 Bg7 5. c4 c6 6. cxd5 cxd5 7. d4 0-0 8. Nc3 Ne4 9. Nd2 f5 10. Nb3 Nc6 11. f3 Nxc3 12. bxc3 b6 13. Re1 Bb7 14. e4 fxe4 15. fxe4 dxe4 16. Bxe4 Qd7 17. Bg2 Na5 18. Nxa5 Bxg2 19. Kxg2 bxa5 20. Qb3+ Kh8 21. Qe6 Qc7 22. Re3 Rf5 23. Ba3 Raf8 24. Bxe7 Qb7+ 25. Kg1 Qb2 26. Rae1 R8f7 27. Bd6 h6 28. Qxg6 Rf2 29. Re8+ 1-0

[Event "Montcada 3rd"]
[Site "Montcada"]
[Date "2015.03.22"]
[Round "9"]
[White "Alarcon Casellas, Rolando"]
[Black "Fernandez Cazorla, Antonio"]
[Result "1/2-1/2"]
[WhiteElo "2387"]
[BlackElo "2213"]
[PlyCount "36"]
[EventDate "2015.01.25"]
[EventType "tourn"]
[EventRounds "9"]
[EventCountry "ESP"]
[SourceTitle "EXT 2016"]
[Source "ChessBase"]
[SourceDate "2015.10.08"]
[SourceVersion "1"]
[SourceVersionDate "2015.10.08"]
[SourceQuality "1"]

1. e4 c5 2. Nf3 e6 3. d4 cxd4 4. Nxd4 Nc6 5. Nc3 Qc7 6. Be3 a6 7. Be2 Nf6 8. 0-0 Be7 9. Na4 Nxe4 10. Nb6 Rb8 11. Nf5 exf5 12. Nd5 Qd6 13. Bf4 Ne5 14. Qd4 f6 15. Rad1 0-0 16. Qa7 Bd8 17. Nxf6+ Qxf6 18. Qxb8 Ng6 1/2-1/2

[Event "Montcada 3rd"]
[Site "Montcada"]
[Date "2015.02.15"]
[Round "4"]
[White "Asensio Linan, Teodoro"]
[Black "Fernandez Cazorla, Antonio"]
[Result "0-1"]
[WhiteElo "2145"]
[BlackElo "2213"]
[PlyCount "62"]
[EventDate "2015.01.25"]
[EventType "tourn"]
[EventRounds "9"]
[EventCountry "ESP"]
[SourceTitle "EXT 2016"]
[Source "ChessBase"]
[SourceDate "2015.10.08"]
[SourceVersion "1"]
[SourceVersionDate "2015.10.08"]
[SourceQuality "1"]

1. e4 c5 2. Nc3 e6 3. f4 d5 4. Nf3 d4 5. Ne2 Nf6 6. e5 Nd5 7. c4 Nb4 8. d3 N4c6 9. Ng3 Be7 10. h4 Nd7 11. Qe2 Qc7 12. Ne4 f6 13. exf6 Nxf6 14. Neg5 e5 15. fxe5 Ng4 16. Bf4 h6 17. Nh3 Bf5 18. 0-0-0 Qa5 19. Kb1 b5 20. Bd2 Qb6 21. Rc1 Rb8 22. Bf4 bxc4 23. Ka1 Bxd3 24. Qd2 c3 25. Rxc3 dxc3 26. Qxc3 Bxf1 27. Rxf1 Qb4 28. Qc2 0-0 29. Bc1 Nd4 30. Qd3 Qb5 31. Qd1 Ne3 0-1

[Event "Catalunya-chT Gp1"]
[Site "Barcelona"]
[Date "2015.02.07"]
[Round "3.1"]
[White "Fernandez Cazorla, Antonio"]
[Black "Oms Fuentes, Lluis"]
[Result "0-1"]
[WhiteElo "2213"]
[BlackElo "2290"]
[PlyCount "88"]
[EventDate "2015.01.24"]
[EventType "team-tourn"]
[EventRounds "7"]
[EventCountry "ESP"]
[SourceTitle "CBM 164 Extra"]
[Source "ChessBase"]
[SourceDate "2015.03.02"]
[SourceVersion "1"]
[SourceVersionDate "2015.03.02"]
[SourceQuality "1"]
[WhiteTeam "Montcada"]
[BlackTeam "Sant Josep de Badalona"]
[WhiteTeamCountry "ESP"]
[BlackTeamCountry "ESP"]

1. Nf3 d5 2. d4 e6 3. c4 c5 4. cxd5 exd5 5. g3 Nc6 6. Bg2 Nf6 7. 0-0 Be7 8. dxc5 Bxc5 9. Qc2 Be7 10. Nc3 Be6 11. Rd1 Qa5 12. Ng5 Rd8 13. Bf4 d4 14. Nxe6 fxe6 15. Ne4 Nd5 16. Bd2 Qb6 17. Ng5 Bxg5 18. Bxg5 Rd6 19. Be4 h6 20. Bg6+ Kd7 21. Bd2 Rf8 22. Be1 e5 23. Be4 Nf6 24. Bxc6+ Qxc6 25. Qf5+ Re6 26. e3 Qd5 27. Rac1 Rc8 28. Rxc8 Kxc8 29. exd4 e4 30. Qg6 Re7 31. Rc1+ Kb8 32. Rc5 Qxd4 33. Qf5 a6 34. Bc3 Qd1+ 35. Kg2 Qd7 36. Be5+ Ka7 37. Qf4 Qd3 38. Bxf6 gxf6 39. Rc8 Qd5 40. Qe3+ b6 41. Rh8 h5 42. Rh6 Qf5 43. Qe2 e3 44. Rxh5 Qxh5 0-1

[Event "Montcada 3rd"]
[Site "Montcada"]
[Date "2015.02.01"]
[Round "2"]
[White "Gonzalez Rodriguez, Raul Omar"]
[Black "Fernandez Cazorla, Antonio"]
[Result "1-0"]
[WhiteElo "2274"]
[BlackElo "2213"]
[PlyCount "83"]
[EventDate "2015.01.25"]
[EventType "tourn"]
[EventRounds "9"]
[EventCountry "ESP"]
[SourceTitle "EXT 2016"]
[Source "ChessBase"]
[SourceDate "2015.10.08"]
[SourceVersion "1"]
[SourceVersionDate "2015.10.08"]
[SourceQuality "1"]

1. d4 d5 2. c4 c6 3. cxd5 cxd5 4. Nc3 Nc6 5. Nf3 Nf6 6. Bf4 a6 7. e3 b5 8. Bd3 Bb7 9. 0-0 e6 10. Rc1 Be7 11. h3 0-0 12. Bb1 Rc8 13. Ne5 Nd7 14. Nxd7 Qxd7 15. f3 Bf6 16. Qd3 g6 17. Bh6 Rfe8 18. f4 Na5 19. g4 b4 20. Ne2 Rxc1 21. Nxc1 Nc4 22. Qe2 Nd6 23. Nd3 Ne4 24. Ne5 Qc7 25. Bxe4 dxe4 26. g5 Bh8 27. Ng4 Rc8 28. Rf2 Qc4 29. Qd2 Qc1+ 30. Kh2 Qxd2 31. Rxd2 Bd5 32. b3 f5 33. gxf6 Rc3 34. Bg5 a5 35. Rb2 Bb7 36. Kg1 Ba6 37. Kf2 Rc1 38. Ne5 Bd3 39. Rd2 Rc3 40. Nxd3 exd3 41. e4 Kf7 42. e5 1-0

[Event "Badalona op 40th"]
[Site "Badalona"]
[Date "2014.08.03"]
[Round "2"]
[White "Fernandez Cazorla, Antonio"]
[Black "Alarcon Casellas, Rolando"]
[Result "1/2-1/2"]
[WhiteElo "2216"]
[BlackElo "2411"]
[PlyCount "60"]
[EventDate "2014.08.02"]
[EventType "swiss"]
[EventRounds "9"]
[EventCountry "ESP"]
[SourceTitle "CBM 161 Extra"]
[Source "ChessBase"]
[SourceDate "2014.08.29"]
[SourceVersion "1"]
[SourceVersionDate "2014.08.29"]
[SourceQuality "1"]

1. Nf3 Nf6 2. c4 d6 3. d4 c6 4. g3 Qc7 5. Bg2 e5 6. 0-0 Bg4 7. Nc3 Nbd7 8. b3 Be7 9. Bb2 0-0 10. h3 Bxf3 11. Bxf3 Rfe8 12. e3 Bf8 13. Qc2 h5 14. Rad1 g6 15. Rd2 Rac8 16. Qb1 a6 17. a4 a5 18. Rfd1 exd4 19. exd4 Bh6 20. Rd3 Bg7 21. Ba3 Nf8 22. d5 c5 23. Nb5 Qd7 24. Bg2 N8h7 25. Bc1 h4 26. Bf4 hxg3 27. fxg3 Bf8 28. g4 b6 29. Re1 Rxe1+ 30. Qxe1 Re8 1/2-1/2

[Event "Catalunya-chT Honor"]
[Site "Catalunya"]
[Date "2013.04.13"]
[Round "11.7"]
[White "Manera Lopez, Josep"]
[Black "Fernandez Cazorla, Antonio"]
[Result "0-1"]
[WhiteElo "2189"]
[BlackElo "2207"]
[PlyCount "59"]
[EventDate "2013.01.19"]
[EventType "team-tourn"]
[EventRounds "11"]
[EventCountry "ESP"]
[SourceTitle "EXT 2014"]
[Source "ChessBase"]
[SourceDate "2013.11.20"]
[SourceVersion "1"]
[SourceVersionDate "2013.11.20"]
[SourceQuality "1"]
[WhiteTeam "Figueres"]
[BlackTeam "Cerdanyola Valles"]
[WhiteTeamCountry "ESP"]
[BlackTeamCountry "ESP"]

1. d4 d5 2. Nf3 Nf6 3. e3 a6 4. c4 dxc4 5. Bxc4 b5 6. Be2 Bb7 7. 0-0 e6 8. a4 b4 9. Nbd2 Nbd7 10. Nb3 Be7 11. Na5 Bd5 12. Bc4 Bxc4 13. Nxc4 c5 14. Nfe5 Rc8 15. Qe2 0-0 16. Rd1 Qc7 17. Nxd7 Nxd7 18. b3 cxd4 19. exd4 Bf6 20. Bb2 Nb6 21. Rac1 Nd5 22. g3 Rfd8 23. a5 Qa7 24. Qe1 g6 25. Ne3 Rxc1 26. Rxc1 Bxd4 27. Bxd4 Qxd4 28. Rc4 Qe5 29. Qd2 Qa1+ 30. Kg2 0-1

[Event "Catalunya-chT"]
[Site "Catalunya"]
[Date "2012.03.10"]
[Round "7.6"]
[White "Gutierrez Clares, Joaquim"]
[Black "Fernandez Cazorla, Antonio"]
[Result "1/2-1/2"]
[WhiteElo "2241"]
[BlackElo "2260"]
[PlyCount "47"]
[EventDate "2012.01.28"]
[EventType "team-tourn"]
[EventRounds "11"]
[EventCountry "ESP"]
[SourceTitle "EXT 2013"]
[Source "ChessBase"]
[SourceDate "2012.11.22"]
[SourceVersion "1"]
[SourceVersionDate "2012.11.22"]
[SourceQuality "1"]
[WhiteTeam "Badalona Sant Josep"]
[BlackTeam "Cerdanyola Valles"]
[WhiteTeamCountry "ESP"]
[BlackTeamCountry "ESP"]

1. d4 d5 2. c4 c6 3. Nf3 Nf6 4. e3 a6 5. Qb3 e6 6. a4 Be7 7. Nc3 0-0 8. Bd3 dxc4 9. Bxc4 c5 10. 0-0 Nc6 11. Rd1 Na5 12. Qa2 Nxc4 13. dxc5 Qc7 14. Qxc4 Qxc5 15. Qxc5 Bxc5 16. Ne5 b6 17. Nd3 Rd8 18. Nxc5 Rxd1+ 19. Nxd1 bxc5 20. Bd2 Bd7 21. a5 Ne4 22. Be1 c4 23. Rc1 Bb5 24. Bb4 1/2-1/2

[Event "Catalunya-chT"]
[Site "Catalunya"]
[Date "2012.02.18"]
[Round "4.6"]
[White "Vehi Bach, Victor Manuel"]
[Black "Fernandez Cazorla, Antonio"]
[Result "1-0"]
[WhiteElo "2358"]
[BlackElo "2260"]
[PlyCount "85"]
[EventDate "2012.01.28"]
[EventType "team-tourn"]
[EventRounds "11"]
[EventCountry "ESP"]
[SourceTitle "EXT 2013"]
[Source "ChessBase"]
[SourceDate "2012.11.22"]
[SourceVersion "1"]
[SourceVersionDate "2012.11.22"]
[SourceQuality "1"]
[WhiteTeam "Barcelona Escola Escacs"]
[BlackTeam "Cerdanyola Valles"]
[WhiteTeamCountry "ESP"]
[BlackTeamCountry "ESP"]

1. e4 c5 2. Nf3 e6 3. d4 cxd4 4. Nxd4 Nc6 5. Nc3 Qc7 6. Be3 a6 7. Qd2 Nf6 8. 0-0-0 Be7 9. f3 0-0 10. g4 b5 11. g5 Nh5 12. Nce2 Rd8 13. Ng3 Nxd4 14. Bxd4 Nf4 15. h4 Rb8 16. Be3 e5 17. Nf5 Bf8 18. Bxf4 exf4 19. Nd6 Bxd6 20. Qxd6 Qxd6 21. Rxd6 Kf8 22. Bh3 Ke7 23. Rhd1 b4 24. b3 a5 25. Kb2 Rb5 26. a3 bxa3+ 27. Kxa3 Rc5 28. c4 Rc7 29. R6d5 a4 30. Kxa4 Bb7 31. Re5+ Kf8 32. Kb4 Bc6 33. Ra1 Rb7+ 34. Kc3 Rdb8 35. Ra3 d6 36. Rea5 g6 37. Ra7 Rb6 38. R7a6 Kg7 39. Rxb6 Rxb6 40. Ra7 Bb7 41. b4 h6 42. b5 hxg5 43. hxg5 1-0

[Event "Catalunya-chT"]
[Site "Catalunya"]
[Date "2012.02.11"]
[Round "3.7"]
[White "Gonzalez Freixas, Albert"]
[Black "Fernandez Cazorla, Antonio"]
[Result "1/2-1/2"]
[WhiteElo "2155"]
[BlackElo "2260"]
[PlyCount "78"]
[EventDate "2012.01.28"]
[EventType "team-tourn"]
[EventRounds "11"]
[EventCountry "ESP"]
[SourceTitle "EXT 2013"]
[Source "ChessBase"]
[SourceDate "2012.11.22"]
[SourceVersion "1"]
[SourceVersionDate "2012.11.22"]
[SourceQuality "1"]
[WhiteTeam "Tarragona"]
[BlackTeam "Cerdanyola Valles"]
[WhiteTeamCountry "ESP"]
[BlackTeamCountry "ESP"]

1. c4 e5 2. g3 Nf6 3. Bg2 d5 4. cxd5 Nxd5 5. Nf3 Nc6 6. 0-0 Be7 7. d4 e4 8. Ne5 f5 9. Nxc6 bxc6 10. Nc3 Be6 11. Qa4 Qd7 12. f3 exf3 13. Bxf3 0-0 14. Nxd5 Bxd5 15. Bf4 Rfb8 16. e3 Rxb2 17. Rf2 Rxf2 18. Kxf2 Bxf3 19. Kxf3 Qd5+ 20. Kf2 Rb8 21. Rc1 Rb2+ 22. Rc2 Qb5 23. Qxb5 Rxc2+ 24. Qe2 Rxe2+ 25. Kxe2 Bd6 26. Kd3 Kf7 27. e4 Bxf4 28. gxf4 fxe4+ 29. Kxe4 Ke6 30. f5+ Kd6 31. h4 c5 32. dxc5+ Kxc5 33. Ke5 Kb5 34. Ke6 c5 35. Kf7 c4 36. Kxg7 c3 37. f6 c2 38. f7 c1Q 39. f8Q Qc7+ 1/2-1/2

[Event "Sant Boi Chalmeta Memorial op 23th"]
[Site "Sant Boi de Llobregat"]
[Date "2011.04.29"]
[Round "1.8"]
[White "Amores Oliveros, Justo"]
[Black "Fernandez Cazorla, Antonio"]
[Result "0-1"]
[WhiteElo "1804"]
[BlackElo "2222"]
[PlyCount "66"]
[EventDate "2011.04.29"]
[EventType "swiss"]
[EventRounds "8"]
[EventCountry "ESP"]
[SourceTitle "EXT 2024"]
[Source "ChessBase"]
[SourceDate "2023.10.10"]
[SourceVersion "1"]
[SourceVersionDate "2023.10.10"]
[SourceQuality "1"]

1. e4 c5 2. c4 Nc6 3. Nc3 g6 4. Nf3 Bg7 5. Be2 d6 6. d3 a6 7. a4 Rb8 8. Bd2 e5 9. Rb1 f5 10. Nd5 Nf6 11. Qc2 0-0 12. h4 f4 13. g3 fxg3 14. fxg3 Nh5 15. Rg1 Bg4 16. Qd1 b5 17. axb5 axb5 18. Ng5 Bxe2 19. Qxe2 Nd4 20. Qg4 Nf6 21. Qh3 h6 22. Ne6 Qd7 23. Nxf6+ Rxf6 24. Nf4 Qf7 25. Ne2 Nxe2 26. Kxe2 Rf2+ 27. Kd1 bxc4 28. g4 Rf3 29. Rg3 Rf1+ 30. Kc2 Rxb1 31. Kxb1 c3 32. Bxc3 Qb3 33. Qf1 Qxc3 0-1

[Event "Catalunya-chT"]
[Site "Barcelona"]
[Date "2011.04.09"]
[Round "11.5"]
[White "Hernando Rodrigo, Jose Maria"]
[Black "Fernandez Cazorla, Antonio"]
[Result "1-0"]
[WhiteElo "2313"]
[BlackElo "2222"]
[PlyCount "69"]
[EventDate "2011.01.29"]
[EventType "team-tourn"]
[EventRounds "11"]
[EventCountry "ESP"]
[SourceTitle "EXT 2012"]
[Source "ChessBase"]
[SourceDate "2011.11.24"]
[SourceVersion "1"]
[SourceVersionDate "2011.11.24"]
[SourceQuality "1"]
[WhiteTeam "Montcada"]
[BlackTeam "Cerdanyola Valles"]
[WhiteTeamCountry "ESP"]
[BlackTeamCountry "ESP"]

1. d4 d5 2. c4 c6 3. Nc3 Nf6 4. cxd5 cxd5 5. Bf4 Nc6 6. e3 a6 7. Be2 Bf5 8. Rc1 e6 9. Qb3 Ra7 10. Nf3 Bd6 11. Ne5 Bxe5 12. Bxe5 Nxe5 13. dxe5 Nd7 14. Qa3 Ra8 15. 0-0 Qe7 16. Qb3 Nxe5 17. g4 Nxg4 18. Bxg4 Qg5 19. f3 h5 20. Qa4+ Kf8 21. Qb4+ Kg8 22. Qxb7 Rf8 23. e4 hxg4 24. f4 Qh6 25. Rc2 dxe4 26. Nxe4 Qg6 27. Rc8 f6 28. Rxf8+ Kxf8 29. Qc8+ Qe8 30. Rc1 Rh6 31. Qxa6 e5 32. Nd6 Qh5 33. Qa8+ Ke7 34. Nxf5+ Qxf5 35. Rc7+ 1-0

[Event "Catalunya-chT"]
[Site "Barcelona"]
[Date "2011.02.19"]
[Round "4"]
[White "Armengol Comas, Joaquim"]
[Black "Fernandez Cazorla, Antonio"]
[Result "1-0"]
[WhiteElo "2207"]
[BlackElo "2222"]
[PlyCount "75"]
[EventDate "2011.01.29"]
[EventType "team-tourn"]
[EventRounds "11"]
[EventCountry "ESP"]
[SourceTitle "EXT 2012"]
[Source "ChessBase"]
[SourceDate "2011.11.24"]
[SourceVersion "1"]
[SourceVersionDate "2011.11.24"]
[SourceQuality "1"]
[WhiteTeam "Terrassa"]
[BlackTeam "Cerdanyola Valles"]
[WhiteTeamCountry "ESP"]
[BlackTeamCountry "ESP"]

1. e4 d6 2. d4 Nf6 3. Nc3 g6 4. g3 Bg7 5. Bg2 0-0 6. Nge2 e5 7. h3 Nc6 8. Be3 Bd7 9. 0-0 Re8 10. d5 Na5 11. Qd3 b6 12. f4 c6 13. dxc6 Bxc6 14. b4 Nb7 15. b5 Bd7 16. Rad1 Qc8 17. f5 gxf5 18. exf5 e4 19. Qd2 Bxf5 20. g4 Bg6 21. Bd4 Nd7 22. Bxg7 Kxg7 23. Qd4+ Re5 24. Nxe4 Rb8 25. N2g3 Qxc2 26. Rc1 Qxa2 27. Rc7 Nbc5 28. Nxc5 Nxc5 29. Qxd6 Rbe8 30. Qf6+ Kg8 31. Nf5 Bxf5 32. gxf5 Qc4 33. Qg5+ Kh8 34. Rf4 Re1+ 35. Kh2 Qc3 36. Rxf7 Rg8 37. Rxh7+ Kxh7 38. Rh4# 1-0

[Event "Catalunya-chT"]
[Site "Barcelona"]
[Date "2011.01.29"]
[Round "1"]
[White "Ayza Ballester, Jordi"]
[Black "Fernandez Cazorla, Antonio"]
[Result "0-1"]
[WhiteElo "2213"]
[BlackElo "2222"]
[PlyCount "50"]
[EventDate "2011.01.29"]
[EventType "team-tourn"]
[EventRounds "11"]
[EventCountry "ESP"]
[SourceTitle "EXT 2012"]
[Source "ChessBase"]
[SourceDate "2011.11.24"]
[SourceVersion "1"]
[SourceVersionDate "2011.11.24"]
[SourceQuality "1"]
[WhiteTeam "Barcelona"]
[BlackTeam "Cerdanyola Valles"]
[WhiteTeamCountry "ESP"]
[BlackTeamCountry "ESP"]

1. e4 d6 2. d4 Nf6 3. Bd3 e5 4. Nf3 Bg4 5. dxe5 dxe5 6. h3 Bh5 7. 0-0 Nbd7 8. Qe2 Bc5 9. Nbd2 Qe7 10. a4 h6 11. a5 g5 12. Nc4 g4 13. hxg4 Nxg4 14. Ne3 Nxe3 15. Bxe3 Qf6 16. a6 b6 17. Bxc5 Nxc5 18. Qe3 Rg8 19. Ne1 0-0-0 20. Be2 Bxe2 21. Qxe2 Ne6 22. Rd1 Nf4 23. Rxd8+ Qxd8 24. Qe3 Qh4 25. g3 Qh3 0-1

[Event "Catalunya-chT Honor"]
[Site "Catalunya"]
[Date "2009.03.08"]
[Round "6"]
[White "Manera Lopez, Josep"]
[Black "Fernandez Cazorla, Antonio"]
[Result "1/2-1/2"]
[WhiteElo "2170"]
[BlackElo "2233"]
[PlyCount "40"]
[EventDate "2009.02.01"]
[EventType "team-tourn"]
[EventRounds "9"]
[EventCountry "ESP"]
[SourceTitle "EXT 2019"]
[Source "ChessBase"]
[SourceDate "2018.10.10"]
[SourceVersion "1"]
[SourceVersionDate "2018.10.10"]
[SourceQuality "1"]
[WhiteTeam "Figueres"]
[BlackTeam "Cerdanyola Valles"]
[WhiteTeamCountry "ESP"]
[BlackTeamCountry "ESP"]

1. d4 d5 2. c4 c6 3. Nc3 Nf6 4. Nf3 a6 5. e3 b5 6. b3 Bg4 7. Be2 Nbd7 8. 0-0 e6 9. a4 b4 10. Nb1 Bd6 11. Nbd2 0-0 12. Bb2 c5 13. Rc1 a5 14. Ne5 Bxe2 15. Qxe2 Qc7 16. f4 Rac8 17. Qf3 Qb7 18. Qg3 Ne8 19. Qf3 Bxe5 20. fxe5 f6 1/2-1/2

[Event "Catalunya-chT Honor"]
[Site "Catalunya"]
[Date "2009.02.22"]
[Round "4"]
[White "Aloma Vidal, Roberto"]
[Black "Fernandez Cazorla, Antonio"]
[Result "1-0"]
[WhiteElo "2399"]
[BlackElo "2233"]
[PlyCount "101"]
[EventDate "2009.02.01"]
[EventType "team-tourn"]
[EventRounds "9"]
[EventCountry "ESP"]
[SourceTitle "EXT 2019"]
[Source "ChessBase"]
[SourceDate "2018.10.10"]
[SourceVersion "1"]
[SourceVersionDate "2018.10.10"]
[SourceQuality "1"]
[WhiteTeam "Montcada"]
[BlackTeam "Cerdanyola Valles"]
[WhiteTeamCountry "ESP"]
[BlackTeamCountry "ESP"]

1. Nf3 Nf6 2. c4 c6 3. Nc3 d5 4. e3 a6 5. b3 Bg4 6. h3 Bh5 7. Bb2 e6 8. g4 Bg6 9. g5 Ne4 10. h4 Bh5 11. Be2 Nxc3 12. Bxc3 c5 13. Ne5 Bxe2 14. Qxe2 Nc6 15. Qf3 Nxe5 16. Bxe5 h6 17. g6 Qd7 18. gxf7+ Qxf7 19. Ke2 Qxf3+ 20. Kxf3 Rg8 21. Rac1 Rc8 22. d4 Kd7 23. Rhg1 g6 24. dxc5 dxc4 25. Rgd1+ Kc6 26. Rxc4 Be7 27. Bd6 Rgd8 28. Rcd4 Bxd6 29. Rxd6+ Rxd6 30. Rxd6+ Kxc5 31. Rxe6 Rf8+ 32. Kg3 Rg8 33. f3 a5 34. a4 b6 35. e4 Rd8 36. Rxg6 Rd3 37. Rxh6 Rxb3 38. e5 Kd5 39. Kf4 Ra3 40. Rxb6 Rxa4+ 41. Kf5 Rxh4 42. Rb5+ Kd4 43. Rxa5 Rh5+ 44. Kf6 Rh6+ 45. Kg5 Rh8 46. e6 Re8 47. Kf6 Rf8+ 48. Kg6 Rxf3 49. e7 Rg3+ 50. Kf7 Rf3+ 51. Ke6 1-0